Hai mươi năm sau Tiểu thuyết

Na minha lista:
Detalhes bibliográficos
Autor principal: Dumas, Alexandre
Outros Autores: Anh Vũ (Dịch)
Formato: Livro
Idioma:Vietnamese
Publicado em: H. Văn học 2004
Edição:Tái bản
coleção:Văn học cổ điển nước ngoài. Văn học Pháp
Assuntos:
Tags: Adicionar Tag
Sem tags, seja o primeiro a adicionar uma tag!
Thư viện lưu trữ: Mạng thư viện Đại học Đà Nẵng
LEADER 01234nam a2200373 4500
001 000005017
003 1159
005 20120508160544.0
008 110808s2004 viesd
020 |c 115000đ 
041 0 |a vie 
082 |a 843  |b DU-A 
100 0 |a Dumas, Alexandre 
245 0 |a Hai mươi năm sau  |b Tiểu thuyết  |c Alexandre Dumas ; Anh Vũ dịch 
250 |a Tái bản 
260 |a H.  |b Văn học  |c 2004 
300 |a 1073 tr.  |c 20 cm. 
490 |a Văn học cổ điển nước ngoài. Văn học Pháp 
500 |a Dịch từ nguyên bản tiếng Pháp: Ving ans après 
653 |a Tiểu thuyết 
653 |a Văn học hiện đại 
653 |a Pháp 
700 |a Anh Vũ  |e Dịch 
910 |a Huỳnh Thị Cẩm Lai  |d 08/08/2011 
OWN |a LSP 
AVA |a UDN50  |b LSP  |d 843 DU-A  |e available  |t Error 5001 Not defined in file expand_doc_bib_avail.  |f 2  |g 0  |h N  |i 0  |k 1 
999 |a From the UDN01 
AVA |a UDN50  |b LSP  |d 843 DU-A  |e available  |t Error 5001 Not defined in file expand_doc_bib_avail.  |f 2  |g 0  |h N  |i 0  |k 1 
TYP |a Monograph 
TYP |a Printed language 
980 |a Mạng thư viện Đại học Đà Nẵng